000 00772cab a2200265 4500
001 WB3346-37
008 090401t1997 xxu||||| |||| 00| 0 eng d
035 _a(Sirsi) u82330
041 _aeng
245 _aThat sinking feeling
260 _c1997
350 _a0
490 _aEstates Gazette
_v(9747) 22 November 1997, 126(1)
520 _aLooks at "SoS Environment v Possfund (North West) Ltd" which deals with the matter of who owns sinking or reserve funds.
650 _aRefurbishment
_96264
650 _aCOMMERCIAL LEASES
650 _aPROPERTY-COMMERCIAL PROPERTY
650 _aCOSTS
650 _aOWNERSHIP
650 _aRESERVE FUNDS
650 _aSINKING FUNDS
690 _aPROPERTY-LANDLORD AND TENANT
942 _n0
948 _c25/11/1997
999 _c51961
_d51961